00989nam a2200241Ia 4500008004100000040001400041082002200055100002100077245006400098260003800162300001100200365002600211366000800237505002900245530003000274620012300304630006400427650002700491730006400518942000900582999001900591952013700610100315s9999 xx 000 0 und d cENGLISH  b10882 a658.15  a"Kuchhal, S.C. " aFinancial Management: an analytical and conceptual approach aAllahabad bCHAITANYA  c1992  a515   eRupees d1 b0.00  f0  gRamakant Amar Navghare  bDonated By RBI Library   a"Financial Management, Finance, Financial analysis, Leverage analysis, Ratio analysis, Capital budgeting, RBI book. " aFinancial Management: an analytical and conceptual approach aFINANCIAL MANAGEMENT  aFinancial Management: an analytical and conceptual approach cBOOK c485616d485613 00104070aVPMBRIMSbVPMBRIMSd2009-07-14g0.00l0o658.15 /KUC  10882 pVPMBRIMS-10882 r2010-03-19 00:00:00w2010-03-19yBOOK